000 00665nam a2200181Ia 4500
008 100921s9999 xx 000 0 und d
082 _b41248
_a891.463 न 06
100 _aभोगले प्रभाकर.
245 _aवावटळीतलं पान.
260 _bपारस प्रकाशन,कोल्हापूर.
_c2006
300 _a328
_bजयेश एजन्सी,पुणे.
365 _b32
520 _aललित-कादंबरी.
630 _aवावटळीतलं पान.
650 _aललित-कादंबरी.
730 _aवावटळीतलं पान.
942 _cBOOK
999 _c790361
_d790358